| 000 | 00900nam a22003017a 4500 | ||
|---|---|---|---|
| 003 | CHAP | ||
| 005 | 20220329135743.0 | ||
| 008 | 971013s1973 r 00010 d | ||
| 010 | _a41531 | ||
| 011 | _a42503 | ||
| 035 | _a46632 | ||
| 040 | _cCHAP | ||
| 082 |
_a940.28 _bF6Y |
||
| 100 | 0 | 0 |
_aFord, Franklin L. _942296 |
| 245 | _aEuropa desde 1780 hasta 1830 | ||
| 260 |
_aMadrid : _bAguilar, _c1973 |
||
| 300 |
_a448 p. _b: mapas |
||
| 490 | _aColección cultura e historia | ||
| 590 |
_aBATCH-UPD _b10 _c20130110 _lUCH01 _h2140 |
||
| 590 |
_aBATCH-UPD _b10 _c20130410 _lUCH01 _h1449 |
||
| 590 |
_aBATCH-UPD _b10 _c20130914 _lUCH01 _h1003 |
||
| 590 |
_aCONVERSION _b10 _c20130109 _lUCH01 _h1323 |
||
| 650 | 1 | 4 |
_aEuropa _xHistoria. _938870 |
| 830 | 0 |
_aColección cultura e historia _924777 |
|
| 901 | _aBK | ||
| 942 | _cLIBRO | ||
| 949 |
_a940.28 F6Y _bBC _cLIBRO _d33724000267878 _eLIBRO _h35068 _i46632 _si |
||
| 999 |
_c41531 _d41531 |
||